000
00310nam a2200133Ia 4500
008
190216s9999||||xx |||||||||||||| ||und||
100
_a
Ketley. A.D
245
0
_a
Stereochemistry Of Macromolecules
250
_a
1st Ed.
260
_b
Null
_c
1968
300
_a
460
650
_a
Chemistry-Chemistry
942
_c
BK
999
_c
2429
_d
2429